Flagi krajów z usuniętym kolorem zielonym - Statystyki

Ogólne statystyki
  • Ten quiz został rozwiązany 54 razy
  • Średni wynik to 11 z 16
Statystyki odpowiedzi
Obrazkowy Odpowiedź % Poprawnych
Brazylia
100%
Portugalia
85%
Bangladesz
83%
Republika Południowej Afryki
80%
Włochy
80%
Wybrzeże Kości Słoniowej
76%
Zambia
73%
Algieria
71%
Burkina Faso
66%
Turkmenistan
66%
Burundi
63%
Surinam
59%
Komory
56%
Vanuatu
54%
Bułgaria
46%
Syria
41%
Nie znaleziono quizów pasujących do podanych kryteriów
Rozkład punktacji
Procent ludzi z każdym wynikiem
Percentyl według liczby udzielonych odpowiedzi
Twoja historia wyników
Nie rozwiązałeś tego quizu